Dos años en México, o, Memorias críticas sobre los principales sucesos de la república de los Estados-Unidos Mexicanos, desde la invasión de Barradas, hasta la declaración del Puerto de Tampico contra el gobierno del Gral. Bustamante, escritas por un espa

Detalles Bibliográficos
Otros Autores: Bustamante, Anastasio, 1780-1853
Formato: Libro
Lenguaje:Undetermined
Spanish
Publicado: México 1840
Materias:
Colección:Banco de datos
Acervo:Biblioteca Fenando Tola de Habich. Colección bibliográfica
Descripción Física:69 p. 22 cm.
LEADER 00760nam a2200157Ia 4500
008 150723s9999 xx 000 0 und d
041 0 |a spa 
245 1 0 |a Dos años en México, o, Memorias críticas sobre los principales sucesos de la república de los Estados-Unidos Mexicanos, desde la invasión de Barradas, hasta la declaración del Puerto de Tampico contra el gobierno del Gral. Bustamante, escritas por un espa 
260 |a México  |b Impreso por José Uribe, calle de Vergara núm. 4  |c 1840 
300 |a 69 p.  |c 22 cm. 
651 4 |a México- Historia- Gobierno independiente, 1821-1824 
700 1 |a Bustamante, Anastasio, 1780-1853  
852 |a 346 
942 |c TOLALIB 
943 |g Biblioteca Fenando Tola de Habich. Colección bibliográfica 
999 |c 989856  |d 989856